Tuyển tập truyện ngắn 1930-1945

সংরক্ষণ করুন:
গ্রন্থ-পঞ্জীর বিবরন
প্রধান লেখক: Tuyển tập truyện ngắn
বিন্যাস: গ্রন্থ
ভাষা:Undetermined
প্রকাশিত: Hà Nội Hội Nhà văn 1997
বিষয়গুলি:
ট্যাগগুলো: ট্যাগ যুক্ত করুন
কোনো ট্যাগ নেই, প্রথমজন হিসাবে ট্যাগ করুন!
Thư viện lưu trữ: Trung tâm Học liệu Trường Đại học Cần Thơ
LEADER 00651nam a2200181Ia 4500
001 CTU_46534
008 210402s9999 xx 000 0 und d
082 |a 895.9223008 
082 |b T527/T1 
100 |a Tuyển tập truyện ngắn 
245 0 |a Tuyển tập truyện ngắn 
245 0 |b 1930-1945 
245 0 |c Tuyển tập truyện ngắn; Biên soạn: Ngô Văn Phú 
260 |a Hà Nội 
260 |b Hội Nhà văn 
260 |c 1997 
650 |a short stories, vietnamese - collections,vietnamese literature - 20th century - collections 
980 |a Trung tâm Học liệu Trường Đại học Cần Thơ